Представление документа в формате RUSMARC

ПолеНазваниеЗначение
  Тип записи a
  Библиографический уровень m
001 Контрольный номер RU/SLIB/B/208738559
005 Дата корректировки 20201206204047.7
010 Индекс ISBN __
a ISBN 985-456-236-0
d Цена 72-50
101 Язык документа 0_
a Язык текста rus
c Язык оригинала ita
200 Заглавие и сведения об ответственности 0_
a Заглавие Государь
f Первые сведения об ответственности Н. Макиавелли ; пер. с итал. К. А. Тананушко
b Общее обозначение материала Текст
210 Выходные данные __
a Место издания Минск
c Издательство Соврем. литератор
d Дата издания 1999
215 Физическое описание __
a Объем 704 с.
225 Серия __
a Серия Классики исторической мысли
330 Аннотация __
a Аннотация Принципы, сформулированные автором содержат ряд норм буржуазной морали.
606 Тематические рубрики __
a Основная рубрика Политика. Политология
y Географическая подрубрика Рим; Римская империя
606 Тематические рубрики __
a Основная рубрика История политической мысли зарубежных стран
610 Ключевые слова __
a Ключевые слова государи; мыслители; буржуазия; идеология; мораль; культы; цинизм; политическая мысль; государства; монархия; римляне; нравы; античность; история; древний мир; этика
686 Индексы других классификаций __
a Классификационный индекс 66.1(4Ита)5
700 Автор _1
a Фамилия Макиавелли
b Имя Н.
4 Код отношения 070
702 Вторичная интеллектуальная ответственность _1
a Фамилия Тананушко
b Имя К. А.
4 Код отношения Переводчик
4 Код отношения 730
801 Источник записи _0
a Страна RU
b Организация Муниципальное бюджетное учреждение культуры "Централизованная библиотечная система" г. Сургут (Центральная городская библиотека им. А. С. Пушкина)
g Правила каталогизации КиК/Тесленко
801 Источник записи _1
a Страна RU
b Организация Муниципальное бюджетное учреждение культуры "Централизованная библиотечная система" г. Сургут (Центральная городская библиотека им. А. С. Пушкина)
g Правила каталогизации КиК/Тесленко
852 Данные о местонахождении __
j Шифр хранения 66.1(4Ита)5
c Каталожный индекс 66.1(0)
i Авторский знак М 15
901 Тип документа __
t Тип документа m
903 Характеристики (МАРС) __
a Дата передачи 20030604
990 Данные о заказе (DOS) __
j Количество экземпляров (DOS) 5
t N записи в КСУ для И/У (DOS) 200306